00501 2200205 4500001002100000005001500021008004100036020002200077035001900099041000700118082000800125090001400133100002500147245002900172250001200201260003600213300002500249500001000274650001100284INLIS00000000000153320241224112352241224||||||||| | ||| |||| || |  a978-979-665-608-6 0010-1224001533 aid0 a410 a410 HEN p0 aHenry Guntur Tarigan00aPengajaran Remedi Bahasa aEd. Rev aBandungbPenerbit Angkasac2009 ax + 164 hlm.; 20 cm. aCet.1 0aBahasa